Evan. Thangvang Guite : (Record no. 11145)

MARC details
000 -LEADER
fixed length control field 00555nam a22002177a 4500
003 - CONTROL NUMBER IDENTIFIER
control field GBCCL
005 - DATE AND TIME OF LATEST TRANSACTION
control field 20260219122329.0
008 - FIXED-LENGTH DATA ELEMENTS--GENERAL INFORMATION
fixed length control field 260219b |||||||| |||| 00| 0 eng d
040 ## - CATALOGING SOURCE
Transcribing agency GBC
082 ## - DEWEY DECIMAL CLASSIFICATION NUMBER
Classification number 269.2092
Item number GUI 1
100 ## - MAIN ENTRY--PERSONAL NAME
Personal name Guite, Robert Ginsuanlian
245 ## - TITLE STATEMENT
Title Evan. Thangvang Guite :
Remainder of title first Paite Christian
260 ## - PUBLICATION, DISTRIBUTION, ETC.
Place of publication, distribution, etc. Gangpimual :
Name of publisher, distributor, etc. Author
Date of publication, distribution, etc. 2026
300 ## - PHYSICAL DESCRIPTION
Extent 183p. ;
650 ## - SUBJECT ADDED ENTRY--TOPICAL TERM
Topical term or geographic name entry element Guite, Thangvang
650 ## - SUBJECT ADDED ENTRY--TOPICAL TERM
Topical term or geographic name entry element Evangelistic work
650 ## - SUBJECT ADDED ENTRY--TOPICAL TERM
Topical term or geographic name entry element Missions
650 ## - SUBJECT ADDED ENTRY--TOPICAL TERM
Topical term or geographic name entry element North East India
650 ## - SUBJECT ADDED ENTRY--TOPICAL TERM
Topical term or geographic name entry element Paite
942 ## - ADDED ENTRY ELEMENTS (KOHA)
Source of classification or shelving scheme Dewey Decimal Classification
Koha item type Books
Suppress in OPAC No
Holdings
Withdrawn status Lost status Source of classification or shelving scheme Damaged status Not for loan Home library Current Library Shelving location Date acquired Total checkouts Full call number Barcode Date last seen Copy number Price effective from Koha item type
    Dewey Decimal Classification     GRACE BIBLE COLLEGE GRACE BIBLE COLLEGE North East Collection 2026-02-19   269.2092 GUI 021072 2026-02-19 c.1 2026-02-19 Books
    Dewey Decimal Classification     GRACE BIBLE COLLEGE GRACE BIBLE COLLEGE North East Collection 2026-02-19   269.2092 GUI 021073 2026-02-19 c.2 2026-02-19 Books
© Grace Bible College Library 2025